Human geography : evolution or revolution? /

Bibliographic Details
Main Author: Chisholm, Michael, 1931-
Format: Book
Language:English
Published: Harmondsworth ; Baltimore [etc.] : Penguin, 1975.
Series:Pelican geography and environmental studies.
Subjects:

MARC

Tag First Indicator Second Indicator Subfields
LEADER 00000cam a2200000 i 4500
001 in00000334608
005 20151011052610.0
008 760331s1975 enkab b 00110 eng
010 |a  76357706  
015 |a GB75-31370 
020 |a 0140218831 :  |c 1.00 ($4.95 U.S.) 
035 |a (OCoLC)02137683 
035 |9 ABL4218AM 
040 |a DLC  |c DLC  |d OCL  |d TXA  |d UtOrBLW 
049 |a TXAM  |c [1533983] 
050 0 0 |a GF21  |b .C48 
082 0 |a 901/.8 
100 1 |a Chisholm, Michael,  |d 1931- 
245 1 0 |a Human geography :  |b evolution or revolution? /  |c [by] Michael Chisholm. 
264 1 |a Harmondsworth ;  |a Baltimore [etc.] :  |b Penguin,  |c 1975. 
300 |a 207 pages :  |b illustrations, maps ;  |c 20 cm. 
336 |a text  |b txt  |2 rdacontent 
337 |a unmediated  |b n  |2 rdamedia 
338 |a volume  |b nc  |2 rdacarrier 
490 1 |a Pelican geography and environmental studies 
490 0 |a Pelican books 
500 |a Includes indexes. 
504 |a Bibliography: pages [183]-199. 
650 0 |a Human geography  |x Methodology. 
650 0 |a Geography  |x Methodology. 
650 0 |a Geography  |x Research. 
830 0 |a Pelican geography and environmental studies. 
999 |a MARS 
999 f f |s 37a68c6c-de33-3354-8aaf-fd3a442021d9  |i fe662405-cb3a-3beb-90fe-8bd7aed7d609  |t 0 
952 f f |p ric  |a Texas A&M University  |b Rellis Campus  |c Joint Library Facility  |d Remote Storage  |t 0  |e GF21 .C48  |h Library of Congress classification  |i unmediated -- volume  |m A14802408764 
998 f f |a GF21 .C48  |t 0  |l Remote Storage